000 00634nam a2200193 i 4500
001 23458
003 ES-MaACL
005 20230908063131.0
007 t|
008 021210q19001999sp ||||1| spa d
100 1 _aAllende-Salazar, Juan,
_d1882-1938
_920015
245 1 0 _aDon Felipe de Guevara, coleccionista y escritor del siglo XVI /
_cJuan Allende Salazar.
260 _a[S.l. :
_bs.n.,
_c19--?]
300 _a4 p. ;
_c28 cm.
490 1 _aArchivo español de arte y arqueología
830 0 _aArchivo español de arte y arqueología
_9181041
852 _aES-MaACL
_j1692-F-12
_bR.5386
999 _c23458
_d23458